000 00991nam a2200229Ii 4500
003 JO-AjNU
008 230605s9999||||xx |||||||||||||| ||und||
017 _a2010/5/1856
020 _a9957-16-633-5
040 _aJO-AjNU
_bara
_erda
_cJO-AjNU
041 _aara
050 1 4 _aK3400.D536.2011
100 3 _a الذنيبات ، محمد جمال ,
_eauthor
_931218
245 0 0 _aالوجيز في القانون الإداري : ماهية القانون الإداري ، القرار الإداري ، التنظيم الإداري ، العقود الإدارية ، النشاط الإداري ، الوظيفة العامة ، الأموال العامة
250 _aط2
264 3 1 _aعمان : دار الثقافة ، 2011
300 _a371ص
336 _atext
_btxt
_2rdacontent
337 _aunmediated
_bn
_2rdamedia
338 _avolume
_bnc
_2rdacarrier
650 4 _aالقانون الاداري -- الملك العام -- القرارات الادارية
_931219
999 _aA12463
_c16031
_d16031